¿Cómo crear en ña fase práctica del CAP un contexto de formación en un modelo didáctico alternativo? (Record no. 124564)
[ view plain ]
| 000 -CABECERA | |
|---|---|
| campo de control de longitud fija | 00617nab a2200193 a 4500 |
| 005 - FECHA Y HORA DE LA ÚLTIMA TRANSACCIÓN | |
| campo de control | 20240830063742.0 |
| 008 - ELEMENTOS DE LONGITUD FIJA--INFORMACIÓN GENERAL | |
| campo de control de longitud fija | 991125s1985 mx 000 0 spa u |
| 035 ## - NÚMERO DE CONTROL DEL SISTEMA | |
| Número de control de sistema | UPN01000152441 |
| 100 1# - ASIENTO PRINCIPAL--NOMBRE PERSONAL | |
| Nombre de persona | BALLENILLA GARCIA DE GAMARRA, Fernando |
| 222 ## - TÍTULO CLAVE | |
| Título clave | INVESTIGACION EN LA ESCUELA |
| 245 ## - MENCIÓN DE TÍTULO | |
| Título | ¿Cómo crear en ña fase práctica del CAP un contexto de formación en un modelo didáctico alternativo? |
| 260 ## - PUBLICACIÓN, DISTRIBUCIÓN, ETC. | |
| Lugar de publicación, distribución, etc. | Sevilla, España |
| 300 ## - DESCRIPCIÓN FÍSICA | |
| Extensión | 75-87 |
| 362 0# - FECHAS DE PUBLICACIÓN Y/O DESIGNACIÓN SECUENCIAL | |
| Fecha de publicación y/o designación secuencial | 2000 No. 42 |
| 650 #4 - ASIENTO SECUNDARIO DE MATERIA - TERMINO TEMATICO | |
| Término de materia o nombre geográfico como elemento de entrada | FORMACION DE MAESTROS |
| 650 #7 - ASIENTO SECUNDARIO DE MATERIA - TERMINO TEMATICO | |
| Término de materia o nombre geográfico como elemento de entrada | Educación secundaria |
| Fuente del encabezamiento o término | |
| 9 (RLIN) | 4281 |
| 650 #4 - ASIENTO SECUNDARIO DE MATERIA - TERMINO TEMATICO | |
| Término de materia o nombre geográfico como elemento de entrada | PRACTICA DOCENTE |
| 905 ## - TIPO DE MATERIAL | |
| Tipo de material | Articulo |
No items available.
